| 000 | 00650nam a22001937a 4500 | ||
|---|---|---|---|
| 999 |
_c7288 _d7288 |
||
| 003 | OSt | ||
| 005 | 20200305171853.0 | ||
| 008 | 200305e201906 spc|||| |||| 0|0 0 spa|d | ||
| 017 |
_aDL B 9049-2019 _bBiblioteca de Catalunya |
||
| 020 | _a9788499428284 | ||
| 040 |
_aES-BaBC _bcat _cCDMR |
||
| 100 | 1 |
_aGuallar, Amador, _d1978- |
|
| 245 | 1 | 0 |
_aEn la tierra de Caín _b: viaje al corazón de las tinieblas de Afganistán/ _cAmador Guallar |
| 260 |
_aBarcelona : _bPenínsula, _c2019 |
||
| 300 |
_a431 p. : _bil ; _c23 cm |
||
| 600 | 1 | 7 |
_aGuallar, Amador, _d1978- _2lemac |
| 650 | 7 |
_aGuerra d'Afganistan, 2001- _xRelats personals espanyols _2lemac |
|
| 942 | _cMON | ||